000 00372nam a2200145Ia 4500
008 230917s9999||||xx |||||||||||||| ||und||
040 _e40672
_aMAIN
041 _aEnglish
082 _a968.8 S98N
100 _aSaxena, SC
245 0 _aNamibia and the world: the story of the birth of a nation
260 _aDelhi
_bKalinga
_c1991
300 _aiii, 382 p.
942 _cBK
999 _c64333
_d64333